Das Tragische und Die Tragödie : Grundsätzliche Äußerungen Deutscher Denker und Dichter.

Bibliographic Details
Main Author: Hasenclever, Ludwig.
Format: eBook
Language:German
Published: Berlin/München/Boston : Walter de Gruyter GmbH, 1927.
Edition:1st ed.
Series:Der Dreiturmbücherei Series
Subjects:
Online Access:Click to View
LEADER 01556nam a22003613i 4500
001 EBC7014891
003 MiAaPQ
005 20240729202203.0
006 m o d |
007 cr cnu||||||||
008 240729s1927 xx o ||||0 ger d
020 |a 9783486754346  |q (electronic bk.) 
035 |a (MiAaPQ)EBC7014891 
035 |a (Au-PeEL)EBL7014891 
035 |a (OCoLC)1330934753 
040 |a MiAaPQ  |b eng  |e rda  |e pn  |c MiAaPQ  |d MiAaPQ 
100 1 |a Hasenclever, Ludwig. 
245 1 4 |a Das Tragische und Die Tragödie :  |b Grundsätzliche Äußerungen Deutscher Denker und Dichter. 
250 |a 1st ed. 
264 1 |a Berlin/München/Boston :  |b Walter de Gruyter GmbH,  |c 1927. 
264 4 |c {copy}1927. 
300 |a 1 online resource (172 pages) 
336 |a text  |b txt  |2 rdacontent 
337 |a computer  |b c  |2 rdamedia 
338 |a online resource  |b cr  |2 rdacarrier 
490 1 |a Der Dreiturmbücherei Series ;  |v v.28/29 
588 |a Description based on publisher supplied metadata and other sources. 
590 |a Electronic reproduction. Ann Arbor, Michigan : ProQuest Ebook Central, 2024. Available via World Wide Web. Access may be limited to ProQuest Ebook Central affiliated libraries.  
655 4 |a Electronic books. 
776 0 8 |i Print version:  |a Hasenclever, Ludwig  |t Das Tragische und Die Tragödie  |d Berlin/München/Boston : Walter de Gruyter GmbH,c1927 
797 2 |a ProQuest (Firm) 
830 4 |a Der Dreiturmbücherei Series 
856 4 0 |u https://ebookcentral.proquest.com/lib/matrademy/detail.action?docID=7014891  |z Click to View